Η εποχή του λίθου και του χαλκού στον ελληνικό χώρο : μια διδακτική προσέγγιση

Αποθηκεύτηκε σε:
Λεπτομέρειες βιβλιογραφικής εγγραφής
Κύριος συγγραφέας: Δημητριάδου, Αικατερίνη Π., 1954-
Άλλοι συγγραφείς: Ευσταθίου, Μαρία Χ., Σκαρλάτου, Μαρία Α., Βαρμάζης, Νικόλαος Δ.
Μορφή: Βιβλίο
Γλώσσα:Greek
Δημοσίευση: Θεσσαλονίκη : Κώδικας, 1993,
Θέματα:
Ετικέτες: Προσθήκη ετικέτας
Δεν υπάρχουν, Καταχωρήστε ετικέτα πρώτοι!

MARC

LEADER 00000nam a2200000 i 4500
001 1/96492
008 941004s1993 gre d
035 |l 10010203 
040 |a GR-MY-UA  |b gre  |e aacr 
041 0 |a gre 
082 0 |a 907 
100 1 |a Δημητριάδου, Αικατερίνη Π.,   |d 1954- 
245 1 2 |a Η εποχή του λίθου και του χαλκού στον ελληνικό χώρο :  |b μια διδακτική προσέγγιση /  |c Αικ. Π. Δημητριάδου; Μ. Χ. Ευσταθίου; Μ. Α. Σκαρλάτου ; Συντονισμός-επιμέλεια Ν. Δ. Βαρμάζης 
260 |a Θεσσαλονίκη :   |b Κώδικας,   |b 1993,  
300 |a 254 σ.  |b εικ. 
504 |a Περιέχει βιβλιογραφία 
650 0 0 |a History  |x Study and teaching (Secondary) 
650 0 0 |a Bronze age  |x Study and teaching (Secondary)  |z Greece. 
650 0 0 |a Stone age  |x Study and teaching (Secondary)  |z Greece. 
700 1 |a Ευσταθίου, Μαρία Χ. 
700 1 |a Σκαρλάτου, Μαρία Α. 
700 1 |a Βαρμάζης, Νικόλαος Δ. 
852 |a INST  |b LESVOS  |e 19941004  |h 907 ΔΗΜ  |p 005100001785  |q 005100001785  |t BK  |y 0 
909 |a Λ  |b 036772 
922 |a 1ΠΑΡ  |b 199410  |c 169/ΡΕΝΤΖΟΣ 
950 |a 169-1994-09-06 
970 |z 1999/07/19  |a ΚΑΜΑΤΣΟΥ  |b ΔΕΣΠΟΙΝΑ